Využívanie informácií o nákladoch v podmienkach malých a stredných podnikov východného Slovenska

Náklady ako dôležité informácie pre riadenie podniku. Prezentácia výsledkov prieskumu využívania informácií o nákladoch v podmienkach malých a stredných podnikov na Východnom Slovensku. Z uskutočneného dotazníkového prieskumu vyplynulo, že tieto podniky využívajú informácie o nákladoch najviac na tv...

Full description

Saved in:
Bibliographic Details
Main Author: Výrostová, Eva
Format: Book Chapter
Language:Slovak
Subjects:
Tags: Add Tag
No Tags, Be the first to tag this record!

MARC

LEADER 00000nla a2200000 4500
001 0190959
005 20240417075046.9
041 0 |a slo 
044 |a SK 
245 1 0 |a Využívanie informácií o nákladoch v podmienkach malých a stredných podnikov východného Slovenska  |c Eva Výrostová 
520 |a Náklady ako dôležité informácie pre riadenie podniku. Prezentácia výsledkov prieskumu využívania informácií o nákladoch v podmienkach malých a stredných podnikov na Východnom Slovensku. Z uskutočneného dotazníkového prieskumu vyplynulo, že tieto podniky využívajú informácie o nákladoch najviac na tvorbu cien, a až na druhom mieste využívajú informácie o nákladoch na výber dodávateľa, hodnotenie výkonov, riadenie nákladov a prípravu finančných výkazov. 
610 2 0 |a podnik malý 
610 2 0 |a podnik stredný 
610 2 0 |a náklady 
610 2 0 |a informácie 
610 2 0 |a výkazy finančné 
100 1 |a Výrostová, Eva